Statistics for Maya Hawke - Restless Moon (Lyrics)

Click here to take the quiz!

General Stats

  • This quiz has been taken 7 times
  • The average score is 155 of 237

Answer Stats

Answer% Correct
a
100%
A
100%
I
100%
moon
100%
you
100%
You
100%
your
100%
Your
100%
And
83%
in,
83%
in
83%
of
83%
On
83%
on
83%
swallow
83%
The
83%
the
83%
when
83%
belly
67%
breathing
67%
Choke
67%
combine
67%
glows
67%
it
67%
it,
67%
mouth
67%
now
67%
reflection
67%
watch
67%
watched
67%
We
67%
weight
67%
with
67%
all
50%
birds
50%
darkness
50%
Drink
50%
for
50%
go
50%
is
50%
know
50%
me
50%
meant
50%
morning
50%
My
50%
my
50%
out
50%
regular
50%
remember
50%
said
50%
show
50%
sunlight
50%
that
50%
though,
50%
tide
50%
to
50%
up
50%
will
50%
You're
50%
active
33%
awake
33%
believing
33%
beside
33%
body
33%
button-down
33%
by
33%
colors
33%
cow
33%
did
33%
do,
33%
electric
33%
fascinated
33%
feel
33%
full
33%
holes,
33%
imagination
33%
interest
33%
lot
33%
make
33%
makes
33%
mind
33%
mistakes
33%
roses
33%
sad
33%
see
33%
stone
33%
talking,
33%
things
33%
think,
33%
Took
33%
turning
33%
was
33%
weakness
33%
yours
33%
unnaturally
17%

Score Distribution

Percentile by Number Answered

Percent of People with Each Score

Your Score History

You have not taken this quiz